Rozponaj zawodnika FC Barcelony #2 - Statystyki

Ogólne statystyki
  • Ten quiz został rozwiązany 59 razy
  • Średni wynik to 9 z 16
Statystyki odpowiedzi
Obrazkowy Odpowiedź % Poprawnych
Luis Suárez
100%
Pedri
95%
Dani Alves
90%
Memphis Depay
90%
Pau Cubarsí
81%
Luis Enrique
79%
Jasper Cillessen
71%
Bojan Krkić
69%
Patrick Kluivert
62%
Oriol Romeu
52%
Adriano
45%
Mark van Bommel
38%
Yusuf Demir
19%
Roberto Bonano
12%
Julen Lopetegui
5%
Oleguer Presas
5%
Nie znaleziono quizów pasujących do podanych kryteriów
Rozkład punktacji
Procent ludzi z każdym wynikiem
Percentyl według liczby udzielonych odpowiedzi
Twoja historia wyników
Nie rozwiązałeś tego quizu